000
00224nam a2200097Ia 4500
008
230907s9999||||xx |||||||||||||| ||und||
082
_a
620.8
_b
EVA
245
0
_a
Evacuation modeling trends /
300
_a
133 p.
942
_c
BK
999
_c
600178
_d
600178